Writers INC : A Student Handbook for Writing & Writing (Record no. 25436)

MARC details
000 -LEADER
fixed length control field 00705nam a22002177a 4500
003 - CONTROL NUMBER IDENTIFIER
control field OSt
005 - DATE AND TIME OF LATEST TRANSACTION
control field 20260629152421.0
008 - FIXED-LENGTH DATA ELEMENTS--GENERAL INFORMATION
fixed length control field 260629b |||||||| |||| 00| 0 eng d
020 ## - INTERNATIONAL STANDARD BOOK NUMBER
International Standard Book Number 0669388122
040 ## - CATALOGING SOURCE
Transcribing agency Chuka University Library
050 ## - LIBRARY OF CONGRESS CALL NUMBER
Classification number PE 1408
Item number .S43 1996
100 ## - MAIN ENTRY--PERSONAL NAME
Personal name Sebranek, Patrick
9 (RLIN) 30087
245 ## - TITLE STATEMENT
Title Writers INC : A Student Handbook for Writing & Writing
260 ## - PUBLICATION, DISTRIBUTION, ETC.
Place of publication, distribution, etc. Massachusetts
Name of publisher, distributor, etc. write source
Date of publication, distribution, etc. 1996
300 ## - PHYSICAL DESCRIPTION
Extent 853pp
Other physical details illustrated
650 ## - SUBJECT ADDED ENTRY--TOPICAL TERM
Topical term or geographic name entry element English Language - Rhetoric - Handbooks, Manuals
9 (RLIN) 31609
650 ## - SUBJECT ADDED ENTRY--TOPICAL TERM
Topical term or geographic name entry element Report Writing - Handbooks, Manuals
9 (RLIN) 31610
650 ## - SUBJECT ADDED ENTRY--TOPICAL TERM
Topical term or geographic name entry element Study Skills - Handbooks, Manuals
9 (RLIN) 31611
700 ## - ADDED ENTRY--PERSONAL NAME
Personal name Meyer, Verne
9 (RLIN) 31594
942 ## - ADDED ENTRY ELEMENTS (KOHA)
Source of classification or shelving scheme Library of Congress Classification
Koha item type Long Loan Books
Suppress in OPAC No
Holdings
Withdrawn status Lost status Source of classification or shelving scheme Damaged status Not for loan Collection Home library Current library Shelving location Date acquired Source of acquisition Cost, normal purchase price Total Checkouts Full call number Barcode Date last seen Copy number Price effective from Koha item type
    Library of Congress Classification     General Collection Books Main Campus Library Main Campus Library General Stacks 29/06/2026 Donations from books from Africa 2848.37   PE 1408 .S43 1996 36222/2026 29/06/2026 C.5 29/06/2026 Long Loan Books
    Library of Congress Classification     General Collection Books Main Campus Library Main Campus Library General Stacks 29/06/2026 Donations from books from Africa 2848.37   PE 1408 .S43 1996 36220/2026 29/06/2026 C.7 29/06/2026 Long Loan Books
    Library of Congress Classification     General Collection Books Main Campus Library Main Campus Library General Stacks 29/06/2026 Donations from books of Africa 2848.37   PE 1408 .S43 1996 36224/2026 29/06/2026 C.8 29/06/2026 Long Loan Books
    Library of Congress Classification     General Collection Books Main Campus Library Main Campus Library General Stacks 29/06/2026 Donations from books from Africa 2848.37   PE 1408 .S43 1996 36223/2026 29/06/2026 C.6 29/06/2026 Long Loan Books
    Library of Congress Classification     General Collection Books Main Campus Library Main Campus Library General Stacks 29/06/2026 Donations from books from Africa 2848.37   PE 1408 .S43 1996 36227/2026 29/06/2026 C.3 29/06/2026 Long Loan Books
    Library of Congress Classification     General Collection Books Main Campus Library Main Campus Library General Stacks 29/06/2026 Donations from books from Africa 2848.37   PE 1408 .S43 1996 36225/2026 29/06/2026 C.2 29/06/2026 Long Loan Books
    Library of Congress Classification     General Collection Books Main Campus Library Main Campus Library General Stacks 29/06/2026 Donations from books from Africa 2848.37   PE 1408 .S43 1996 36226/2026 29/06/2026 C.4 29/06/2026 Long Loan Books
    Library of Congress Classification     General Collection Books Main Campus Library Main Campus Library General Stacks 29/06/2026 Donations from books from Africa 2588.37   PE 1408 .S43 1996 36221/2026 29/06/2026 C.1 29/06/2026 Long Loan Books

Powered by Koha